[Event "Sibiria Region-ch Seniors"]
[Site "Prokopevsk"]
[Date "2012.03.13"]
[Round "2"]
[White "Sporov, Andrey"]
[Black "Davydov, Victor"]
[Result "1-0"]
[WhiteElo "1884"]
[BlackElo "2129"]
[PlyCount "119"]
[EventDate "2012.03.12"]
[EventType "swiss"]
[EventRounds "9"]
[EventCountry "RUS"]
[SourceTitle "EXT 2013"]
[Source "ChessBase"]
[SourceDate "2012.11.22"]
[SourceVersion "1"]
[SourceVersionDate "2012.11.22"]
[SourceQuality "1"]

1. e4 e5 2. Nf3 Nc6 3. Bb5 a6 4. Ba4 b5 5. Bb3 Bc5 6. c3 Nf6 7. 0-0 d6 8. d4 exd4 9. cxd4 Bb6 10. Bg5 h6 11. Bd5 Bd7 12. Bh4 g5 13. Bg3 g4 14. Bxc6 Bxc6 15. d5 Bd7 16. Nfd2 Nh5 17. Qb3 Qe7 18. Re1 Nxg3 19. Qxg3 Qe5 20. Qxe5+ dxe5 21. Nc3 Ke7 22. Nd1 h5 23. Ne3 Rh6 24. Rac1 Rg8 25. b4 h4 26. Nb3 g3 27. Nc5 gxf2+ 28. Kxf2 Rf6+ 29. Kg1 Bc8 30. Rcd1 Bg4 31. Rd2 Bf3 32. Nf5+ Ke8 33. Nxh4 Bxc5+ 34. bxc5 Rf4 35. Nxf3 Rxf3 36. Rf2 Ra3 37. Ref1 f6 38. Rxf6 Rxa2 39. Re6+ Kd8 40. g3 b4 41. Rb1 a5 42. Ra6 Rg4 43. Rxb4 axb4 44. Rxa2 Rxe4 45. Ra8+ Ke7 46. Ra7 Kd8 47. Rb7 Kc8 48. Rb5 Re1+ 49. Kf2 Rb1 50. Ke3 b3 51. Kd2 e4 52. Rb4 Rb2+ 53. Kc3 Rxh2 54. Rxb3 e3 55. Kd3 Rd2+ 56. Kxe3 Rxd5 57. c6 Kd8 58. Rd3 Rd6 59. Rxd6+ cxd6 60. Kd4 1-0